Communes de la Somme de A à Z - Statistiques

Statistiques générales
  • Ce quiz a été pris 27 fois
  • Le résultat moyen est 9 sur 23
Statistiques - réponses
Lettre Indice Commune % Correct
A Plus grande ville et préfecture du département Amiens
100%
Y Il s'agit de la commune ayant le nom le plus court de France Y
86%
P Le château de cette sous-préfecture abrite l'Historial de la Grande Guerre Péronne
71%
H Cette commune, frontalière des départements de l'Aisne et de l'Oise, a retenu prisonnier Louis-Napoléon Bonaparte dans son château entre 1840 et 1846 Ham
67%
N La cité souterraine de ce village est un ensemble de carrières aménagés ou de muches Naours
67%
D Cette ancienne sous-préfecture possède une citadelle, qui a également servie de camp d"internement français pendant la Seconde Guerre Mondiale Doullens
62%
M Cette cité balnéaire s'est classée deuxième au concours du Village préféré des Français en 2024 Mers-les-Bains
62%
S Cette commune se situe à l'embouchure de la Somme, dans le parc naturel régional Baie de Somme - Picardie maritime Saint-Valery-sur-Somme
52%
C Pendant la Guerre de Trente Ans, un siège des troupes françaises contre les Espagnols a eu lieu dans cette ville Corbie
43%
V Cette commune est connue pour la bataille éponyme, qui s'est déroulée pendant la Première Guerre Mondiale Villers-Bretonneux
38%
R Le premier château "brique et pierre" de France se situe sur cette commune, qui contient également une roseraie Rambures
33%
T Le mémorial éponyme est le plus important des mémoriaux britanniques dans le monde Thiepval
33%
J Le nom de cette commune provient du latin gemellus, qui signifie jumeau Jumel
29%
L Le site préhistorique de Samara se situe sur cette commune La Chaussée-Tirancourt
29%
O La Grande Mine, un énorme trou de mine de plus de 90 mètres de diamètre pour 22 mètres de profondeur, se trouve sur cette commune Ovillers-la-Boisselle
24%
Q Jean-Pierre Pernaut a passé son enfance dans cette commune dont le nom évoque une écurie pour les chevaux Quevauvillers
24%
F Les "puits tournants", qui ont inspiré une légende, dont la source naturelle la plus célèbre est celle de l'Abyme, sur le territoire de cette commune Fréchencourt
19%
U Cette commune est formée du hameau de l'Équipée, qui est également dans le nom de la commune Ugny-l'Équipée
10%
B Des fouilles organisées dans cette commune ont permis de retrouver un trésor, aujourd'hui conservé au Musée de Picardie Beauvraignes
5%
W Georges Treffel, cité au Panthéon de Paris en tant qu'écrivain mort au champ d'honneur, est décédé sur le territoire de cette commune Warvillers
5%
E Avec six habitants et quatre maisons, ce village est le plus petit de la région des Hauts-de-France Épécamps
0%
G Surnommé le "Dromadaire d'Égypte" et participant de toutes les campagnes de la Révolution et de l'Empire, Charles François est né dans cette commune Ginchy
0%
I Le château Sanglier, appelé également "Manoir à l'horloge" se situe dans cette commune Inval-Boiron
0%
Aucun quiz correspondant
Distribution des résultats
% des personnes avec chaque résultat
Percentile par nombre de réponses
Votre historique - résultats
Vous n’avez pas pris ce quiz